Statystyki dla Jak nazywał się ten kraj?

Kliknij tutaj aby rozwiązać quiz!

Ogólne statystyki

  • Ten quiz został rozwiązany 30 razy
  • Średni wynik to 6 z 9

Statystyki odpowiedzi

Nowa nazwaStara nazwa% Poprawnych
Czechy,SłowacjaCzechosłowacja
100%
Serbia,Kosowo,
Czarnogóra,
Bośnia i
Hercegowina,
Chorwacja,
Słowenia,
Macedonia
Jugosławia
100%
Austria, WęgryAustro-Węgry
96%
MjanmaBirma
79%
EswatiniSuazi
68%
Sri lankaCejlon
61%
Polska, LitwaRzeczpospolita Obojga Narodów
46%
MeksykCesarstwo Meksyku
25%
Serbia,CzarnogóraSerbio-Czarnogóra
21%

Rozkład punktacji

Percentyl według liczby udzielonych odpowiedzi

Procent ludzi z każdym wynikiem

Twoja historia wyników

Nie rozwiązałeś tego quizu